[Event "GER-ch U10"]
[Site "Willingen"]
[Date "2023.05.29"]
[Round "3"]
[White "Wettstein, Levin"]
[Black "Weibrecht, Theo"]
[Result "1-0"]
[WhiteElo "1416"]
[BlackElo "1170"]
[PlyCount "131"]
[EventDate "2023.05.27"]
[EventType "swiss"]
[EventRounds "11"]
[EventCountry "GER"]
[SourceTitle "CBM 214 Extra"]
[Source "ChessBase"]
[SourceDate "2023.07.31"]
[SourceVersion "1"]
[SourceVersionDate "2023.07.31"]
[SourceQuality "1"]

1. e4 c5 2. Nc3 Nc6 3. Nf3 g6 4. d4 cxd4 5. Nxd4 Bg7 6. Be3 Nf6 7. Bc4 Qa5 8. 0-0 Qb4 9. Bb3 Nxe4 10. Nxe4 Nxd4 11. Bxd4 Bxd4 12. c3 Bxc3 13. Nxc3 0-0 14. Nd5 Qc5 15. Rc1 Qd6 16. Ne3 Qxd1 17. Rfxd1 d6 18. Nd5 Be6 19. Nxe7+ Kg7 20. Nd5 Rfc8 21. Nc7 Bxb3 22. axb3 Rab8 23. Rxd6 Rd8 24. Rcd1 Rxd6 25. Rxd6 Rc8 26. Rd7 Kf6 27. f3 Kg7 28. Kf2 Kf6 29. Ke3 Ke5 30. f4+ Kf6 31. Ke4 Kg7 32. g4 a6 33. g5 a5 34. Ne6+ Kg8 35. Rd8+ Rxd8 36. Nxd8 b6 37. Nb7 Kf8 38. Kd5 Ke7 39. Nd6 f5 40. gxf6+ Kxf6 41. Ke4 g5 42. fxg5+ Kxg5 43. Kf3 h5 44. Nc4 b5 45. Nxa5 Kf5 46. h4 Kg6 47. Nc6 Kf6 48. Nd4 b4 49. Nc6 Ke6 50. Nxb4 Kd6 51. Kf4 Kc5 52. Kg5 Kxb4 53. Kxh5 Kc5 54. Kg6 Kd6 55. h5 Ke7 56. Kg7 Kd6 57. h6 Kc5 58. h7 Kb4 59. h8Q Kxb3 60. Kf7 Ka2 61. b4 Ka3 62. b5 Ka4 63. b6 Ka5 64. b7 Ka6 65. b8Q Ka5 66. Qa1# 1-0